Central Library OPAC University of Rajshahi

The caliphs' last heritage : (Record no. 65283)

MARC details
000 -LEADER
fixed length control field 00773nam a2200241 a 4500
001 - CONTROL NUMBER
control field 65283
003 - CONTROL NUMBER IDENTIFIER
rucl marc code BD-RjUL
005 - DATE AND TIME OF LATEST TRANSACTION
control field 20211209081415.0
008 - FIXED-LENGTH DATA ELEMENTS--GENERAL INFORMATION
fixed length control field 780206s1915 e abcf 001 0 eng
035 ## - SYSTEM CONTROL NUMBER
System control number (BD-RjUL)65413
040 ## - CATALOGING SOURCE
Original cataloging agency DLC
Transcribing agency MoU
Modifying agency OrPS
-- BD-RjUL
Language of cataloging eng
041 ## - LANGUAGE CODE
Language code of text/sound track or separate title eng
082 ## - DEWEY DECIMAL CLASSIFICATION NUMBER
Edition number 23
Classification number 956.1
Author mark and year SYC 1915
100 1# - MAIN ENTRY--PERSONAL NAME
Personal name Sykes, Mark,
Dates associated with a name 1879-1919.
9 (RLIN) 193236
245 14 - TITLE STATEMENT
Title The caliphs' last heritage :
Remainder of title a short history of the Turkish empire /
Statement of responsibility, etc. by Lt.-Col. Sir Mark Sykes, bart., M. P.
260 ## - PUBLICATION, DISTRIBUTION, ETC. (IMPRINT)
Place of publication, distribution, etc. London :
Name of publisher, distributor, etc. Macmillan and co., limited,
Date of publication, distribution, etc. 1915.
300 ## - PHYSICAL DESCRIPTION
Pagination xii, 638 p. :
Illustrations ill, ;
Size 23 cm.
500 ## - GENERAL NOTE
General note Include index
650 #0 - SUBJECT ADDED ENTRY--TOPICAL TERM
Topical term or geographic name as entry element Kurds.
9 (RLIN) 191091
651 #0 - SUBJECT ADDED ENTRY--GEOGRAPHIC NAME
Geographic name Turkey
General subdivision History.
9 (RLIN) 193237
Geographic name Turkey
General subdivision Description and travel.
9 (RLIN) 192873
942 ## - ADDED ENTRY ELEMENTS (KOHA)
Source of classification or shelving scheme Dewey Decimal Classification
Koha item type Books
Holdings
Lost status Source of classification or shelving scheme Damaged status Not for loan Collection code Permanent Location Current Location Shelving location Date acquired Source of acquisition Cost, normal purchase price Total Checkouts Full call number Date last seen Copy number Koha item type
  Dewey Decimal Classification   Not For Loan Non-fiction Central Library, University of Rajshahi Central Library, University of Rajshahi Reading Room 25/04/1961 Pakistan Book Centre, Karachi. 20.00   956.1 SYC 1915 04/03/2017 C-1 Books